000 00862nam a2200205Ia 4500
005 20241129111342.0
008 241129s9999||||xx |||||||||||||| ||und||
037 _aTB
040 _aCRL
_bpun
_cCRL
041 _apun
_2pun
084 _aQ8441:33:g 153P6
_qCRL
100 _aਢਿੱਲੋਂ, ਜਸਵਿੰਦਰ ਕੌਰ, ਥਦ।
_9624374
245 0 _aਗੁਰੂ ਨਾਨਕ ਬਾਣੀ ਸਮਾਜਿਕ ਅਤੇ ਸਭਿਆਚਾਰਕ ਪਰਿਪੇਖ
_cਢਿੱਲੋਂ, ਜਸਵਿੰਦਰ ਕੌਰ, ਥਦ।
260 _aਅੰਮ੍ਰਿਤਸਰ, ਭਾਰਤ
_bਅੰਮ੍ਰਿਤਸਰ ਗੁਰੂ ਨਾਨਕ ਦੇਵ ਯੂਨੀਵਰਸਿਟੀ
_c2006
300 _a217ਪ੍ਰ0
365 _aINR
_b350
650 _aSikhismReligion
942 _cTB
_hQ8441:33:g 153P6
999 _c1230068
_d1230068